000 00626nam a2200205Ii 4500
003 JO-AjNU
008 230605s9999||||xx |||||||||||||| ||und||
017 _a1987/9/420
040 _aJO-AjNU
_bara
_erda
_cJO-AjNU
041 _aara
050 1 4 _aAC105.J3 1987
100 3 _aجامعة مؤته,
_eauthor
_947216
245 0 0 _aمحاضرات الموسم الثقافي الثاني
264 3 1 _aالكرك: جامعة مؤته، 1987
300 _a170ص
336 _atext
_btxt
_2rdacontent
337 _aunmediated
_bn
_2rdamedia
338 _avolume
_bnc
_2rdacarrier
650 4 _aالثقافة- الاردن
_947217
999 _aA20596
_c24164
_d24164